| 000 | 01217cam a2200313 a 4500 | ||
|---|---|---|---|
| 003 | CHAP | ||
| 005 | 20220329142819.0 | ||
| 008 | 040312d2002 mx o 10 spa d | ||
| 010 | _a88159 | ||
| 011 | _a89131 | ||
| 020 | _a9701339746 | ||
| 035 | _a99680 | ||
| 040 | _cCHAP | ||
| 090 | _aCD-108 2002 | ||
| 110 | 0 | 0 |
_aInstituto Nacional de Estadística, Geografía e Informática. México _959304 |
| 245 | 1 | 0 |
_aSistema para la consulta de información del sector energético en México (SISEM) 2002 (disco compacto) _c/por Instituto Nasional de Estadística, Geografía e Informática |
| 260 |
_aAguascalientes, Ags. ; _bInstituto Nacional de Estadística, Geografía e Informática, _c2002. |
||
| 300 |
_a1 disco compacto _c4 3/4 plgs. |
||
| 590 |
_aBATCH-UPD _b10 _c20130110 _lUCH01 _h1711 |
||
| 590 |
_aBATCH-UPD _b10 _c20130410 _lUCH01 _h1056 |
||
| 590 |
_aBATCH-UPD _b10 _c20130914 _lUCH01 _h1308 |
||
| 590 |
_aCONVERSION _b10 _c20130109 _lUCH01 _h1349 |
||
| 650 | 1 | 4 |
_aEnergía _xEstadísticas. _936885 |
| 901 | _aBK | ||
| 905 | _aMayto Villalobos S. | ||
| 942 | _cCD | ||
| 949 |
_aCD-108 (2002) _bBC _cCD _d33724000913521 _eCD _i99680 _sb |
||
| 949 |
_aCD-108 (2002) _bBC _cCD _d33724000974127 _eCD _fc.2 _gI.D. _i99680 _sb |
||
| 999 |
_c88159 _d88159 |
||